Probabilistic methods in combinatorics /

Guardado en:
Autor Principal: Erdös, Paul, 1913-
Otros Autores: Spencer, Joel H.
Formato: Libro
Idioma:English
Publicado: New York : Academic Press, 1974.
Series:Probability and mathematical statistics ; 17
Materias:
Etiquetas: Agregar Etiqueta
Sin Etiquetas, Sea el primero en etiquetar este registro!
LEADER 00731cam a2200229 a 4500
001 MAT.inmabb003390
008 740521s1974####nyu######b####000#0#eng##
005 20130226145715.0
245 1 0 |a Probabilistic methods in combinatorics /  |c by Paul Erdös and Joel Spencer. 
260 |a New York :  |b Academic Press,  |c 1974. 
300 |a 106 p. ;  |c 24 cm. 
490 0 |a Probability and mathematical statistics ;  |v 17 
504 |a Bibliografía: p. [103]-106. 
510 4 |a MR,  |c 52 #2895 
020 |a 0122409604 
100 1 |a Erdös, Paul,  |d 1913- 
700 1 |a Spencer, Joel H. 
650 0 |a Combinatorial probabilities. 
084 |a 05-02  |2 msc2000 
010 |a  72009420  
040 |a DLC  |c DLC  |d DLC 
859 |h 05  |i Er66  |p A-4692  |b BIB. MATEMATICA